| LEADER | 01432nea a2200349Ka 4500 | ||
|---|---|---|---|
| 001 | 012024975-8 | ||
| 005 | 20090630193809.0 | ||
| 008 | 060613t18901887paud a s 0 eng d | ||
| 034 | 1 | |a a |b 2600000 |d W0840000 |e W0740000 |f N0464000 |g N0412000 | |
| 035 | 0 | |a ocm70081903 | |
| 040 | |a CUY |c CUY | ||
| 052 | |a 3460 | ||
| 100 | 1 | |a Mitchell, S. Augustus |q (Samuel Augustus), |d 1792-1868. | |
| 245 | 1 | 0 | |a Map of Ontario in counties |h [electronic resource] / |c copyright 1887 by Wm. M. Bradley & Bro. |
| 255 | |a Scale [ca. 1:2,600,000]. | ||
| 260 | |c [1890]. | ||
| 500 | |a Relief shown by hachures. | ||
| 500 | |a Inset map: Manitoba, Dominion of Canada. Scale [ca. 1:1,750,000] | ||
| 500 | |a Prime meridians: Greenwich and Washington. | ||
| 500 | |a Scanned raster image of original: 1 map : hand col. ; 25 x 32 cm. | ||
| 500 | |a Original in the David Rumsey Collection; scanned by Cartography Associates. | ||
| 651 | 0 | |a Ontario |v Maps. | |
| 651 | 0 | |a Manitoba |v Maps. | |
| 710 | 2 | |a Wm. M. Bradley & Bros. | |
| 710 | 2 | |a John Y. Huber Company. | |
| 740 | 0 | 2 | |a Manitoba, Dominion of Canada. |
| 710 | 2 | |a David Rumsey Collection. | |
| 710 | 2 | |a Cartography Associates. | |
| 773 | 0 | |a Mitchell, S. Augustus (Samuel Augustus), 1792-1868. |t Mitchell's new general atlas. |d Philadelphia ; St. Louis : John Y. Huber Company, 1890, c1886. |g p. 8. |w (OCoLC)70047977 | |
| 830 | 0 | |a David Rumsey Collection digital maps |5 net | |
| 988 | |a 20090630 | ||
| 906 | |0 OCLC | ||


